| 000 -CABECERA |
| campo de control de longitud fija |
00419aam a22001571a 4500 |
| 001 - NÚMERO DE CONTROL |
| campo de control |
YPZ16359 |
| 003 - IDENTIFICADOR DEL NÚMERO DE CONTROL |
| campo de control |
YPZ |
| 005 - FECHA Y HORA DE LA ÚLTIMA TRANSACCIÓN |
| campo de control |
20190403132758.0 |
| 008 - DATOS DE LONGITUD FIJA--INFORMACIÓN GENERAL |
| campo de control de longitud fija |
061011|###########||||||b||||||||||spa|d |
| 020 ## - NÚMERO INTERNACIONAL ESTÁNDAR DEL LIBRO |
| Número Internacional Estándar del Libro |
9707030267 |
| 040 ## - FUENTE DE LA CATALOGACIÓN |
| Centro/agencia transcriptor |
SIUNPA |
| 080 ## - NÚMERO DE LA CLASIFICACIÓN DECIMAL UNIVERSAL |
| Número de la Clasificación Decimal Universal |
930(725) HIS |
| 245 ## - MENCIÓN DE TÍTULO |
| Título |
Historiografía Michoacana, acercamientos y balances |
| Resto del título |
: acercamientos y balances |
| 260 ## - PUBLICACIÓN, DISTRIBUCIÓN, ETC. |
| Lugar de publicación, distribución, etc. |
Morelia, Mich |
| Nombre del editor, distribuidor, etc. |
: UMSNH |
| Fecha de publicación, distribución, etc. |
, 2000 |
| 942 ## - ELEMENTOS DE PUNTO DE ACCESO ADICIONAL (KOHA) |
| Tipo de ítem Koha |
Libros |